[Event "Pfalz op-B 10th"]
[Site "Neustadt an der Weinstrasse"]
[Date "2019.03.04"]
[Round "6"]
[White "Bohne, Lutz"]
[Black "Basovskiy, Jana"]
[Result "1/2-1/2"]
[WhiteElo "1881"]
[BlackElo "1720"]
[PlyCount "33"]
[EventDate "2019.03.01"]
[EventType "swiss"]
[EventRounds "7"]
[EventCountry "GER"]
[SourceTitle "CBM 189 Extra"]
[Source "ChessBase"]
[SourceDate "2019.06.03"]
[SourceVersion "1"]
[SourceVersionDate "2019.06.03"]
[SourceQuality "1"]

1. d4 Nf6 2. c4 e6 3. Nc3 d5 4. Bg5 Be7 5. Nf3 0-0 6. e3 b6 7. cxd5 exd5 8. Be2 Bb7 9. 0-0 Nbd7 10. Qb3 h6 11. Bh4 Re8 12. Rac1 Nf8 13. Bg3 Ne6 14. Ne5 a6 15. a3 Bd6 16. Bf3 Ne4 17. Nxe4 1/2-1/2

[Event "Pfalz op-B 10th"]
[Site "Neustadt an der Weinstrasse"]
[Date "2019.03.04"]
[Round "7"]
[White "Plum, Paul"]
[Black "Bohne, Lutz"]
[Result "1/2-1/2"]
[WhiteElo "1706"]
[BlackElo "1881"]
[PlyCount "32"]
[EventDate "2019.03.01"]
[EventType "swiss"]
[EventRounds "7"]
[EventCountry "GER"]
[SourceTitle "CBM 189 Extra"]
[Source "ChessBase"]
[SourceDate "2019.06.03"]
[SourceVersion "1"]
[SourceVersionDate "2019.06.03"]
[SourceQuality "1"]

1. d4 d5 2. c4 e6 3. Nc3 Nf6 4. cxd5 exd5 5. Bg5 Be7 6. e3 0-0 7. Qc2 c6 8. Bd3 Nbd7 9. Nf3 Re8 10. 0-0 Nf8 11. Bxf6 Bxf6 12. b4 a6 13. h3 Be7 14. a3 Bd6 15. Na4 g6 16. Nc5 Ne6 1/2-1/2

[Event "Pfalz op-B 10th"]
[Site "Neustadt an der Weinstrasse"]
[Date "2019.03.03"]
[Round "5"]
[White "Michels, Fabio"]
[Black "Bohne, Lutz"]
[Result "1/2-1/2"]
[WhiteElo "1721"]
[BlackElo "1881"]
[PlyCount "26"]
[EventDate "2019.03.01"]
[EventType "swiss"]
[EventRounds "7"]
[EventCountry "GER"]
[SourceTitle "CBM 189 Extra"]
[Source "ChessBase"]
[SourceDate "2019.06.03"]
[SourceVersion "1"]
[SourceVersionDate "2019.06.03"]
[SourceQuality "1"]

1. c4 c6 2. g3 d5 3. Bg2 Nf6 4. Nf3 g6 5. 0-0 Bg7 6. cxd5 cxd5 7. Nc3 0-0 8. d4 Nc6 9. e3 Bg4 10. h3 Bxf3 11. Bxf3 e6 12. Bd2 Rc8 13. a3 Na5 1/2-1/2

[Event "Pfalz op-B 10th"]
[Site "Neustadt an der Weinstrasse"]
[Date "2019.03.01"]
[Round "1"]
[White "Wacker, Manfred"]
[Black "Bohne, Lutz"]
[Result "1/2-1/2"]
[WhiteElo "1676"]
[BlackElo "1881"]
[PlyCount "39"]
[EventDate "2019.03.01"]
[EventType "swiss"]
[EventRounds "7"]
[EventCountry "GER"]
[SourceTitle "CBM 189 Extra"]
[Source "ChessBase"]
[SourceDate "2019.06.03"]
[SourceVersion "1"]
[SourceVersionDate "2019.06.03"]
[SourceQuality "1"]

1. d4 d5 2. c4 e6 3. Nc3 Nf6 4. Bg5 Be7 5. e3 0-0 6. Bd3 Nbd7 7. Nf3 h6 8. Bh4 c6 9. 0-0 a6 10. c5 Re8 11. b4 e5 12. dxe5 Ng4 13. Bxe7 Qxe7 14. e4 Ndxe5 15. exd5 Nxf3+ 16. Qxf3 Qe5 17. g3 cxd5 18. Nxd5 Be6 19. Bc4 Rad8 20. Rad1 1/2-1/2

[Event "Rheinland Pfalz op Seniors 16th"]
[Site "Neustadt an der Weinstrasse"]
[Date "2018.07.14"]
[Round "8"]
[White "Bohne, Lutz"]
[Black "Diehl, Klaus"]
[Result "1/2-1/2"]
[WhiteElo "1848"]
[BlackElo "2043"]
[PlyCount "29"]
[EventDate "2018.07.07"]
[EventType "swiss"]
[EventRounds "9"]
[EventCountry "GER"]
[SourceTitle "EXT 2019"]
[Source "ChessBase"]
[SourceDate "2018.10.10"]
[SourceVersion "1"]
[SourceVersionDate "2018.10.10"]
[SourceQuality "1"]

1. d4 Nf6 2. c4 e6 3. Nc3 Bb4 4. Qc2 0-0 5. Nf3 d5 6. cxd5 exd5 7. Bg5 h6 8. Bxf6 Qxf6 9. a3 Bf5 10. Qd2 Bxc3 11. Qxc3 c6 12. e3 Nd7 13. Bd3 Rfe8 14. h3 Rac8 15. Bxf5 1/2-1/2

[Event "Rheinland Pfalz op Seniors 16th"]
[Site "Neustadt an der Weinstrasse"]
[Date "2018.07.07"]
[Round "1"]
[White "Bohne, Lutz"]
[Black "Reimer, Karl"]
[Result "1-0"]
[WhiteElo "1848"]
[BlackElo "1507"]
[PlyCount "109"]
[EventDate "2018.07.07"]
[EventType "swiss"]
[EventRounds "9"]
[EventCountry "GER"]
[SourceTitle "EXT 2019"]
[Source "ChessBase"]
[SourceDate "2018.10.10"]
[SourceVersion "1"]
[SourceVersionDate "2018.10.10"]
[SourceQuality "1"]

1. d4 Nf6 2. c4 c5 3. d5 b5 4. cxb5 a6 5. bxa6 Bxa6 6. Nc3 d6 7. Nf3 Nbd7 8. g3 g6 9. Bg2 Bg7 10. 0-0 0-0 11. Qc2 Qc7 12. Rd1 Rfb8 13. Rb1 Ng4 14. Bd2 Nb6 15. b3 Qb7 16. h3 Nf6 17. e4 Qc7 18. Bf1 Bxf1 19. Kxf1 Nc8 20. Kg2 Na7 21. Re1 Nb5 22. Nxb5 Rxb5 23. a4 Rb7 24. b4 cxb4 25. Qxc7 Rxc7 26. Rxb4 Nd7 27. Reb1 Bc3 28. Bxc3 Rxc3 29. Rb7 Nc5 30. Rxe7 Kf8 31. Rc7 Nxe4 32. Rc6 Rc8 33. Nd4 Ra8 34. Rb4 Ra3 35. Nb5 R3xa4 36. Rxa4 Rxa4 37. Nxd6 Nxd6 38. Rxd6 Ke7 39. Rb6 Ra7 40. Kf3 Rd7 41. Ke4 f6 42. Kd4 h5 43. h4 Ra7 44. Re6+ Kf7 45. Re2 Re7 46. Rxe7+ Kxe7 47. Kc5 Kd7 48. d6 g5 49. Kd5 g4 50. Kc5 Kd8 51. Kc6 Kc8 52. d7+ Kd8 53. Kd6 f5 54. Ke5 Kxd7 55. Kxf5 1-0

[Event "Pfalz-ch MT-B 87th"]
[Site "Landau"]
[Date "2018.03.29"]
[Round "6"]
[White "Bohne, Lutz"]
[Black "Karpa, Adrian"]
[Result "0-1"]
[WhiteElo "1883"]
[BlackElo "1922"]
[PlyCount "100"]
[EventDate "2018.03.23"]
[EventType "tourn"]
[EventRounds "9"]
[EventCountry "GER"]
[SourceTitle "EXT 2019"]
[Source "ChessBase"]
[SourceDate "2018.10.10"]
[SourceVersion "1"]
[SourceVersionDate "2018.10.10"]
[SourceQuality "1"]

1. d4 f5 2. c4 Nf6 3. Nf3 g6 4. g3 Bg7 5. Bg2 0-0 6. 0-0 d6 7. Nc3 c6 8. b3 Qc7 9. Bb2 e5 10. dxe5 dxe5 11. e3 Na6 12. Na4 Nh5 13. Qe2 f4 14. gxf4 exf4 15. e4 Bg4 16. h3 Be6 17. Rad1 Rae8 18. Bxg7 Qxg7 19. Qb2 Qh6 20. Rd3 Bc8 21. Re1 Nc7 22. Nc3 Ne6 23. Kf1 g5 24. Ke2 Nc5 25. Rd4 Qg7 26. Kd2 g4 27. hxg4 Bxg4 28. Nd1 Rd8 29. Kc2 Nf6 30. Nd2 Rxd4 31. Qxd4 Ne6 32. Qe5 Rd8 33. f3 Qd7 34. Qc3 Nd4+ 35. Kc1 Be6 36. Nf2 Nh5 37. Bf1 Ng3 38. Bd3 Qg7 39. Kb2 h5 40. Kb1 Qe5 41. c5 Nxf3 42. Qxe5 Nxe5 43. Kc2 Kg7 44. Nf1 Nf3 45. Rd1 h4 46. Nd2 Nxd2 47. Kxd2 h3 48. Nh1 h2 49. Nf2 Rh8 50. Nh1 Bg4 0-1

[Event "Pfalz-ch MT-A 86th"]
[Site "Wolfstein"]
[Date "2017.04.09"]
[Round "3"]
[White "Tresch, Lukas"]
[Black "Bohne, Lutz"]
[Result "1-0"]
[WhiteElo "2033"]
[BlackElo "1946"]
[PlyCount "73"]
[EventDate "2017.04.07"]
[EventType "tourn"]
[EventRounds "9"]
[EventCountry "GER"]
[SourceTitle "EXT 2018"]
[Source "ChessBase"]
[SourceDate "2017.10.13"]
[SourceVersion "1"]
[SourceVersionDate "2017.10.13"]
[SourceQuality "1"]

1. e4 c6 2. Nc3 d5 3. Nf3 Bg4 4. h3 Bxf3 5. Qxf3 e6 6. d4 Nf6 7. Bg5 Be7 8. 0-0-0 dxe4 9. Nxe4 Nbd7 10. Kb1 Nxe4 11. Bxe7 Qxe7 12. Qxe4 Nf6 13. Qf3 Qd6 14. Bc4 a6 15. Rhe1 b5 16. Bd3 0-0 17. Re5 Kh8 18. c3 Rac8 19. g4 c5 20. Rxc5 Rxc5 21. dxc5 Qxc5 22. h4 h5 23. g5 Ng4 24. Rd2 g6 25. Bc2 Kg8 26. Rd4 Ne5 27. Qb7 a5 28. a3 Nc6 29. Rf4 Ne7 30. b4 axb4 31. cxb4 Qe5 32. Re4 Qc3 33. Qxe7 Rc8 34. Re2 Rc4 35. Qe8+ Kg7 36. Qxb5 Rxh4 37. Qe5+ 1-0

[Event "Pfalz-ch MT-A 86th"]
[Site "Wolfstein"]
[Date "2017.04.07"]
[Round "1"]
[White "Barthel, Ansgar"]
[Black "Bohne, Lutz"]
[Result "1/2-1/2"]
[WhiteElo "2166"]
[BlackElo "1946"]
[PlyCount "63"]
[EventDate "2017.04.07"]
[EventType "tourn"]
[EventRounds "9"]
[EventCountry "GER"]
[SourceTitle "EXT 2018"]
[Source "ChessBase"]
[SourceDate "2017.10.13"]
[SourceVersion "1"]
[SourceVersionDate "2017.10.13"]
[SourceQuality "1"]

1. e4 c6 2. d4 d5 3. Nc3 dxe4 4. Nxe4 Bf5 5. Ng3 Bg6 6. h4 h6 7. Nf3 Nd7 8. Bd3 Bxd3 9. Qxd3 Ngf6 10. Bd2 e6 11. 0-0-0 Be7 12. Ne4 Nxe4 13. Qxe4 Nf6 14. Qe2 Qd5 15. Kb1 b5 16. Bc1 a5 17. g4 Nxg4 18. Ne5 h5 19. Nxg4 hxg4 20. Qxg4 g6 21. Bg5 Bxg5 22. Qxg5 Qxg5 23. hxg5 Ke7 24. c3 Rh5 25. Rhg1 Rd8 26. Rg4 Rh2 27. Rd2 Rd5 28. Kc2 Rf5 29. f4 Rh3 30. Rd3 Rh2+ 31. Rd2 Rh3 32. Rd3 1/2-1/2

[Event "Rheinland Pfalz op Seniors 14th"]
[Site "Neustadt an der Weinstrasse"]
[Date "2016.07.24"]
[Round "9"]
[White "Bohne, Lutz"]
[Black "Lang, Ferdinand"]
[Result "0-1"]
[WhiteElo "1975"]
[BlackElo "2073"]
[PlyCount "40"]
[EventDate "2016.07.16"]
[EventType "swiss"]
[EventRounds "9"]
[EventCountry "GER"]
[SourceTitle "EXT 2019"]
[Source "ChessBase"]
[SourceDate "2018.10.10"]
[SourceVersion "1"]
[SourceVersionDate "2018.10.10"]
[SourceQuality "1"]

1. d4 Nf6 2. c4 g6 3. Nc3 Bg7 4. e4 d6 5. Nf3 0-0 6. h3 b6 7. Bd3 Bb7 8. Be3 Nbd7 9. Qd2 c5 10. d5 Re8 11. 0-0-0 a6 12. g4 b5 13. cxb5 Qa5 14. a3 Rec8 15. Rde1 axb5 16. Nb1 b4 17. Kd1 Qa4+ 18. Qc2 b3 19. Qd2 Nxe4 20. Bxe4 Qxe4 0-1

[Event "Rheinland Pfalz op 8th"]
[Site "Reil an der Mosel"]
[Date "2016.05.27"]
[Round "3"]
[White "Schoen, Ralf"]
[Black "Bohne, Lutz"]
[Result "1-0"]
[WhiteElo "2145"]
[BlackElo "1944"]
[PlyCount "57"]
[EventDate "2016.05.26"]
[EventType "swiss"]
[EventRounds "7"]
[EventCountry "GER"]
[SourceTitle "EXT 2018"]
[Source "ChessBase"]
[SourceDate "2017.10.13"]
[SourceVersion "1"]
[SourceVersionDate "2017.10.13"]
[SourceQuality "1"]

1. Nf3 d5 2. g3 Nf6 3. Bg2 e6 4. 0-0 Be7 5. b3 c5 6. Bb2 Nc6 7. d4 0-0 8. Nbd2 cxd4 9. Nxd4 Bd7 10. Rc1 Rc8 11. c4 Nxd4 12. Bxd4 Bc6 13. c5 Nd7 14. f4 f5 15. Nf3 Qa5 16. Qe1 Qxe1 17. Rfxe1 a5 18. Rc2 Bb5 19. Rec1 Rc7 20. Ne5 Nxe5 21. Bxe5 Rc6 22. Bd4 Rfc8 23. a3 b6 24. b4 axb4 25. axb4 bxc5 26. bxc5 Bc4 27. Rxc4 dxc4 28. Bxc6 Rxc6 29. Rxc4 1-0

[Event "Rheinland Pfalz op Seniors 13th"]
[Site "Neustadt an der Weinstrasse"]
[Date "2015.07.14"]
[Round "5"]
[White "Costea, Valerius"]
[Black "Bohne, Lutz"]
[Result "1/2-1/2"]
[WhiteElo "1972"]
[BlackElo "1936"]
[PlyCount "113"]
[EventDate "2015.07.10"]
[EventType "swiss"]
[EventRounds "7"]
[EventCountry "GER"]
[SourceTitle "EXT 2019"]
[Source "ChessBase"]
[SourceDate "2018.10.10"]
[SourceVersion "1"]
[SourceVersionDate "2018.10.10"]
[SourceQuality "1"]

1. e4 c6 2. d4 d5 3. Nc3 dxe4 4. Nxe4 Bf5 5. Ng3 Bg6 6. Nf3 Nd7 7. h4 h6 8. h5 Bh7 9. Bd3 Bxd3 10. Qxd3 Ngf6 11. Bd2 e6 12. 0-0-0 Be7 13. Kb1 0-0 14. Qe2 Re8 15. Ne4 Nxe4 16. Qxe4 Nf6 17. Qe2 Qd5 18. g4 Qe4 19. Qxe4 Nxe4 20. Be3 Rad8 21. Ne5 c5 22. c3 cxd4 23. cxd4 Rd5 24. f3 Nd6 25. Rc1 Bd8 26. Nd3 Nb5 27. Rc5 Bb6 28. Nf4 Bxc5 29. Nxd5 Bxd4 30. Rd1 exd5 31. Bxd4 Nxd4 32. Rxd4 Rd8 33. Kc2 Kf8 34. Rb4 Rd7 35. Kd3 Ke7 36. Kd4 Kd6 37. Rb5 Ke6 38. f4 g6 39. hxg6 fxg6 40. Rb3 Kd6 41. Rh3 Rh7 42. b4 h5 43. f5 Re7 44. gxh5 Re4+ 45. Kc3 gxh5 46. Rxh5 a6 47. Rh7 Kc6 48. a4 Rf4 49. Rh6+ Kd7 50. Rf6 a5 51. Rb6 Kc7 52. bxa5 Rxf5 53. Rb5 Kc6 54. Rb6+ Kc7 55. Kb4 Rf4+ 56. Kb5 d4 57. Kc4 1/2-1/2

[Event "Rheinland Pfalz op 7th"]
[Site "Frankenthal"]
[Date "2015.06.06"]
[Round "3"]
[White "Bohne, Lutz"]
[Black "Thumm, Niklas"]
[Result "1/2-1/2"]
[WhiteElo "1940"]
[BlackElo "1587"]
[PlyCount "43"]
[EventDate "2015.06.04"]
[EventType "swiss"]
[EventRounds "7"]
[EventCountry "GER"]
[SourceTitle "EXT 2017"]
[Source "ChessBase"]
[SourceDate "2016.10.25"]
[SourceVersion "1"]
[SourceVersionDate "2016.10.25"]
[SourceQuality "1"]

1. d4 Nf6 2. c4 g6 3. Nc3 Bg7 4. e4 d6 5. Nf3 0-0 6. h3 Nbd7 7. Be3 e5 8. d5 Re8 9. Be2 Qe7 10. b4 Rd8 11. 0-0 c6 12. Qd2 Nb6 13. a4 Bd7 14. Rfd1 Ne8 15. c5 Nc8 16. Qa2 Kh8 17. Rd2 f5 18. Bg5 Nf6 19. Rad1 h6 20. Bxf6 Qxf6 21. Qc4 g5 22. exf5 1/2-1/2

[Event "Rheinland Pfalz op 7th"]
[Site "Frankenthal"]
[Date "2015.06.06"]
[Round "2"]
[White "Louis, Volker"]
[Black "Bohne, Lutz"]
[Result "1-0"]
[WhiteElo "2128"]
[BlackElo "1940"]
[PlyCount "131"]
[EventDate "2015.06.04"]
[EventType "swiss"]
[EventRounds "7"]
[EventCountry "GER"]
[SourceTitle "EXT 2017"]
[Source "ChessBase"]
[SourceDate "2016.10.25"]
[SourceVersion "1"]
[SourceVersionDate "2016.10.25"]
[SourceQuality "1"]

1. d4 d5 2. c4 e6 3. Nc3 Nf6 4. Bg5 Be7 5. e3 h6 6. Bh4 0-0 7. Nf3 b6 8. Rc1 Bb7 9. cxd5 exd5 10. Bd3 Nbd7 11. 0-0 c5 12. Bb1 Re8 13. Qc2 Nf8 14. Rfd1 c4 15. Ne5 a6 16. a4 Rb8 17. e4 Nxe4 18. Bxe7 Rxe7 19. Nxe4 dxe4 20. Nxc4 Rc7 21. Qd2 Bd5 22. Ne3 Rxc1 23. Rxc1 Ne6 24. Qc3 b5 25. axb5 axb5 26. b4 g6 27. h3 Qd7 28. Ng4 Kg7 29. Qg3 Rf8 30. Bxe4 Bxe4 31. Qe5+ f6 32. Qxe4 Nxd4 33. Kh1 Ne6 34. Re1 Ng5 35. Qe3 h5 36. Nxf6 Rxf6 37. Qxg5 Qf5 38. Re7+ Kf8 39. Re5 Qxf2 40. Qh6+ Kf7 41. Qh7+ Kf8 42. Qh8+ Kf7 43. Qe8+ Kg7 44. Qxb5 Qd2 45. Re7+ Kh6 46. Re4 Rf5 47. Qe8 Qd1+ 48. Kh2 Qd6+ 49. Kg1 Qd1+ 50. Re1 Qd4+ 51. Qe3+ Qxe3+ 52. Rxe3 Rb5 53. Re4 Kg5 54. Kf2 Rd5 55. Ke3 Rd1 56. h4+ Kf5 57. Rd4 Rb1 58. Kd3 Ke5 59. Rc4 Rb3+ 60. Kc2 Rg3 61. b5 Kd5 62. Rc8 Rxg2+ 63. Kb3 Rg1 64. Kb4 g5 65. Rc5+ Kd6 66. Rxg5 1-0

[Event "Rheinland Pfalz op 7th"]
[Site "Frankenthal"]
[Date "2015.06.04"]
[Round "1"]
[White "Bohne, Lutz"]
[Black "Lyakh, Daniel"]
[Result "1-0"]
[WhiteElo "1940"]
[BlackElo "957"]
[PlyCount "57"]
[EventDate "2015.06.04"]
[EventType "swiss"]
[EventRounds "7"]
[EventCountry "GER"]
[SourceTitle "EXT 2017"]
[Source "ChessBase"]
[SourceDate "2016.10.25"]
[SourceVersion "1"]
[SourceVersionDate "2016.10.25"]
[SourceQuality "1"]

1. d4 d5 2. c4 e5 3. dxe5 d4 4. Bf4 Nc6 5. Nf3 Bg4 6. Nbd2 Bb4 7. a3 Bxf3 8. axb4 Bg4 9. h3 Be6 10. b5 Nce7 11. g4 Ng6 12. Bg3 N8e7 13. Bg2 c6 14. bxc6 Nxc6 15. f4 Nge7 16. Qa4 Bd7 17. Qa3 Nc8 18. b4 Qe7 19. b5 Nb4 20. 0-0 Nc2 21. Qxe7+ Nxe7 22. Bxb7 Nxa1 23. Bxa8 0-0 24. Be4 Nc2 25. Bxc2 Rd8 26. Ra1 Nc8 27. Bd3 Nb6 28. Rxa7 Be8 29. Ne4 1-0

[Event "Rheinland Pfalz op Seniors 11th"]
[Site "Neustadt an der Weinstrasse"]
[Date "2013.07.15"]
[Round "4"]
[White "Bohne, Lutz"]
[Black "Dushatskiy, Fedor"]
[Result "1/2-1/2"]
[WhiteElo "1878"]
[BlackElo "2068"]
[PlyCount "33"]
[EventDate "2013.07.12"]
[EventType "swiss"]
[EventRounds "7"]
[EventCountry "GER"]
[SourceTitle "EXT 2019"]
[Source "ChessBase"]
[SourceDate "2018.10.10"]
[SourceVersion "1"]
[SourceVersionDate "2018.10.10"]
[SourceQuality "1"]

1. d4 d5 2. c4 e6 3. Nc3 c5 4. cxd5 exd5 5. Nf3 Nc6 6. g3 c4 7. Bg2 Bb4 8. 0-0 Nge7 9. e4 0-0 10. Nxd5 Nxd5 11. exd5 Qxd5 12. Ne5 Qb5 13. Nxc6 bxc6 14. Qc2 Be6 15. Be3 Rab8 16. Rfc1 Ba5 17. Bf1 1/2-1/2

[Event "Rheinland Pfalz op Seniors 11th"]
[Site "Neustadt an der Weinstrasse"]
[Date "2013.07.14"]
[Round "3"]
[White "Krieger, Hermann"]
[Black "Bohne, Lutz"]
[Result "1-0"]
[WhiteElo "2120"]
[BlackElo "1878"]
[PlyCount "43"]
[EventDate "2013.07.12"]
[EventType "swiss"]
[EventRounds "7"]
[EventCountry "GER"]
[SourceTitle "EXT 2019"]
[Source "ChessBase"]
[SourceDate "2018.10.10"]
[SourceVersion "1"]
[SourceVersionDate "2018.10.10"]
[SourceQuality "1"]

1. e4 c6 2. d4 d5 3. e5 Bf5 4. Nf3 e6 5. Be2 c5 6. 0-0 Nc6 7. c3 Qb6 8. dxc5 Bxc5 9. b4 Be7 10. Be3 Qc7 11. Qa4 Kf8 12. Nd4 Bxb1 13. Nxc6 bxc6 14. Raxb1 h5 15. c4 Nh6 16. cxd5 cxd5 17. Rfc1 Qxe5 18. Qd7 Bd6 19. g3 g5 20. Bxh5 Kg7 21. Rd1 Rhd8 22. Qxd8 1-0